5HLuxD.jpg

KING HENRY VIII SENIOR AND PRIMARY SCHOOL LIBRARY OPAC

Wizardology : (Record no. 1195)

000 -LEADER
fixed length control field 01435cam a2200349 a 4500
001 - CONTROL NUMBER
control field 14887863
003 - CONTROL NUMBER IDENTIFIER
control field OSt
005 - DATE AND TIME OF LATEST TRANSACTION
control field 20220808153318.0
008 - FIXED-LENGTH DATA ELEMENTS--GENERAL INFORMATION
fixed length control field 070611t20072006maua j 000 0 eng d
010 ## - LIBRARY OF CONGRESS CONTROL NUMBER
LC control number 2007930635
020 ## - INTERNATIONAL STANDARD BOOK NUMBER
International Standard Book Number 9780763637101
020 ## - INTERNATIONAL STANDARD BOOK NUMBER
International Standard Book Number 0763637106
035 ## - SYSTEM CONTROL NUMBER
System control number (OCoLC)ocn232332871
040 ## - CATALOGING SOURCE
Original cataloging agency OKU
Transcribing agency OKU
Modifying agency DLC
-- KH8
042 ## - AUTHENTICATION CODE
Authentication code lccopycat
082 00 - DEWEY DECIMAL CLASSIFICATION NUMBER
Classification number 133 STE
Edition number 22
100 1# - MAIN ENTRY--PERSONAL NAME
Personal name Steer, Dugald.
245 10 - TITLE STATEMENT
Title Wizardology :
Remainder of title a guide to wizards of the world /
Statement of responsibility, etc. edited for the modern reader by Dugald A. Steer and A.J. Wood.
246 18 - VARYING FORM OF TITLE
Title proper/short title Guide to wizards of the world
246 30 - VARYING FORM OF TITLE
Title proper/short title Wizards of the world
250 ## - EDITION STATEMENT
Edition statement 1st U.S. ed.
260 ## - PUBLICATION, DISTRIBUTION, ETC.
Place of publication, distribution, etc. Cambridge, Mass. :
Name of publisher, distributor, etc. Candlewick Press,
Date of publication, distribution, etc. 2007, c2006.
300 ## - PHYSICAL DESCRIPTION
Extent 1 v. (unpaged) :
Other physical details col. ill. ;
Dimensions 27 cm. +
Accompanying material 24 wizard cards.
500 ## - GENERAL NOTE
General note "Being a true account of wizards in the known world as told by Master Merlin"--Cover.
520 ## - SUMMARY, ETC.
Summary, etc. History's most respected wizard, Merlin, describes the skills, techniques, and equipment of wizards around the globe, explains their characteristic use of spells, familiars, and potions, and offers other information and advice for apprentices.
650 #0 - SUBJECT ADDED ENTRY--TOPICAL TERM
Topical term or geographic name entry element Wizards
Form subdivision Juvenile literature.
650 #0 - SUBJECT ADDED ENTRY--TOPICAL TERM
Topical term or geographic name entry element Magic
Form subdivision Juvenile literature.
650 #0 - SUBJECT ADDED ENTRY--TOPICAL TERM
Topical term or geographic name entry element Merlin (Legendary character)
Form subdivision Juvenile literature.
700 1# - ADDED ENTRY--PERSONAL NAME
Personal name Wood, A. J.,
Dates associated with a name 1960-
906 ## - LOCAL DATA ELEMENT F, LDF (RLIN)
a 7
b cbc
c copycat
d 2
e epcn
f 20
g y-gencatlg
942 ## - ADDED ENTRY ELEMENTS (KOHA)
Source of classification or shelving scheme
Koha item type Books - Non Ficton
Holdings
Withdrawn status Lost status Source of classification or shelving scheme Damaged status Not for loan Collection code Permanent Location Current Location Shelving location Date acquired Total Checkouts Full call number Barcode Date last seen Date last checked out Price effective from Koha item type
          Non-Fiction KH8 Senior School Library KH8 Senior School Library Non Fiction 2022-08-08 1 133 STE 3KHSL000101925 2025-05-15 2025-04-17 2022-08-08 Books - Non Ficton

Powered By KH8 IT Dept